000
00278nam a2200121Ia 4500
008
190216s9999||||xx |||||||||||||| ||und||
100
_a
Parvathi Ammal
245
0
_a
Kuttikalku Kadamkathakal
260
_b
C I C C Book House
300
_a
85
650
_a
Kathakal
942
_c
BK
999
_c
27753
_d
27753